Islamic Thought in the Twentieth Century (Record no. 17211)

MARC details
000 -LEADER
fixed length control field 00571nam a2200229 a 4500
020 ## - INTERNATIONAL STANDARD BOOK NUMBER
ISBN 1850437513
082 00 - DEWEY DECIMAL CLASSIFICATION NUMBER
Classification number 297.1
Author Cutter TAJ
100 ## - MAIN ENTRY--AUTHOR NAME
Author name Taji-Farouki, Suha
245 ## - TITLE STATEMENT
Title Islamic Thought in the Twentieth Century
260 ## - PUBLICATION, DISTRIBUTION, ETC. (IMPRINT)
Place of publication London
Name of publisher Tauris Pub.
Year of publication 2004
300 ## - PHYSICAL DESCRIPTION
Number of Pages 387p
500 ## - GENERAL NOTE
General note includes index and biblioraphy
505 2# - FORMATTED CONTENTS NOTE
Formatted contents note index
650 ## - SUBJECT ADDED ENTRY--TOPICAL TERM
Topical Term Islam-20th Century
942 ## - ADDED ENTRY ELEMENTS (KOHA)
Koha item type Books
Holdings
Collection code Home library Current library Date acquired Cost, normal purchase price Full call number Accession Number Koha item type
  Henry Martyn Institute Library Henry Martyn Institute Library 09/16/2013 3708.00 297.1 TAJ 021539 Books
                   Copyright © 2026 | Henry Martyn Institute | Hyderabad | TS-500052 | INDIA | Implemented by hmi.edu.in
Hit-Count:

Powered by Koha